|
|
|
|
| LEADER |
01276nam a2200301 a 4500 |
| 001 |
16490354 |
| 008 |
120320r20112012maua b 001 0 eng d |
| 010 |
|
|
|a 2010039827
|
| 020 |
|
|
|a 9780123748560 (pbk.)
|
| 020 |
|
|
|a 0123748569 (pbk.)
|
| 020 |
|
|
|a 9789380501864
|
| 040 |
|
|
|a DLC
|c DLC
|d YDX
|d BTCTA
|d YDXCP
|d BWX
|d DEBSZ
|d CDX
|d IUL
|d DLC
|d BD-DhAAL
|
| 082 |
0 |
0 |
|a 006.3/12
|2 22
|
| 100 |
1 |
|
|a Witten, I. H.
|q (Ian H.)
|
| 245 |
1 |
0 |
|a Data mining :
|b practical machine learning tools and techniques /
|c Ian H. Witten, Eibe Frank, Mark A. Hall.
|
| 250 |
|
|
|a 3rd ed.
|
| 260 |
|
|
|a Burlington, MA :
|b Morgan Kaufmann ;
|a Haryana, India :
|b Elsevier,
|c c2011.[Reprinted 2012]
|
| 300 |
|
|
|a xxxiii, 629 p. :
|b ill. ;
|c 24 cm.
|
| 490 |
1 |
|
|a Morgan Kaufmann series in data management systems
|
| 504 |
|
|
|a Includes bibliographical references (p. 587-605) and index.
|
| 541 |
1 |
|
|e 00024712
|
| 650 |
|
0 |
|a Data mining.
|
| 700 |
1 |
|
|a Frank, Eibe.
|
| 700 |
1 |
|
|a Hall, Mark A.
|
| 830 |
|
0 |
|a Morgan Kaufmann series in data management systems.
|
| 852 |
1 |
|
|a Ayesha Abed Library
|j General shelf
|
| 999 |
|
|
|c 12011
|d 12011
|
| 952 |
|
|
|0 0
|1 0
|4 0
|6 006_312000000000000_WIT
|7 0
|9 19765
|a BRACUL
|b BRACUL
|c GEN
|d 2012-03-20
|e Trim Education
|g 715.00
|l 11
|m 122
|o 006.312 WIT
|p 3010024712
|r 2024-07-01
|s 2024-02-24
|t 1
|w 2012-03-22
|y BK
|